Towards a biocatalyst for (S)-styrene oxide production : characterization of the styrene degradation pathway of pseudomonas sp. strain VLB120 /
Kaydedildi:
| Diğer Yazarlar: | , , , |
|---|---|
| Materyal Türü: | Makale |
| Dil: | English |
| Konular: | |
| Etiketler: |
Etiketle
Etiket eklenmemiş, İlk siz ekleyin!
|
| Thư viện lưu trữ: | Thư viện Trường Đại học Đà Lạt |
|---|
| LEADER | 01084nam a2200349 4500 | ||
|---|---|---|---|
| 001 | DLU090091539 | ||
| 005 | ##20091201 | ||
| 040 | # | # | |a DLU |b eng |
| 041 | # | # | |a eng |
| 044 | # | # | |a us |
| 245 | # | # | |a Towards a biocatalyst for (S)-styrene oxide production : characterization of the styrene degradation pathway of pseudomonas sp. strain VLB120 / |c Sven Panke ... [et al.]. |
| 653 | # | # | |a Escherichia coli |
| 653 | # | # | |a Gene expression |
| 653 | # | # | |a Genes |
| 653 | # | # | |a Molecular cloning |
| 653 | # | # | |a Nucleotide sequence |
| 653 | # | # | |a Pseudomonas |
| 653 | # | # | |a Styrene |
| 700 | # | # | |a Panke, Sven. |
| 700 | # | # | |a Schmid, Andreas. |
| 700 | # | # | |a Witholt, Bernard. |
| 700 | # | # | |a Wubbolts, Marcel G. |
| 773 | # | # | |t Applied and Environmental Microbiology |g Vol. 64, no. 6 (June 1998), p. 2032-2043 |
| 920 | # | # | |a Phòng Tạp chí -- Trung tâm Thông tin - Thư viện Trường Đại học Đà Lạt |
| 994 | # | # | |a DLU |
| 900 | # | # | |a True |
| 911 | # | # | |a Trương Bảo Trâm Anh |
| 925 | # | # | |a G |
| 926 | # | # | |a A |
| 927 | # | # | |a BB |
| 980 | # | # | |a Thư viện Trường Đại học Đà Lạt |